| 000 | 00533nam a2200181Ia 4500 | ||
|---|---|---|---|
| 008 | 151018s9999 xx 000 0 und d | ||
| 082 |
_bRBASDV61163 _a891.463 |
||
| 100 | _aयु म पठाण | ||
| 245 | _aगंधवार्ता | ||
| 250 | _b1 | ||
| 260 |
_bसुयोग प्रकाशन पुणे _c2011 |
||
| 300 | _a176 | ||
| 600 | _aयु म पठाण | ||
| 630 | _aगंधवार्ता | ||
| 700 | _aयु म पठाण | ||
| 730 | _aगंधवार्ता | ||
| 942 | _cBOOK | ||
| 999 |
_c1054651 _d1054648 |
||